|
|
|
|
| LEADER |
01445nam a22003017a 4500 |
| 001 |
38460 |
| 003 |
BD-DhAAL |
| 008 |
220426r20041998ii 000 0 ben d |
| 999 |
|
|
|c 44147
|d 44147
|
| 020 |
|
|
|a 8172158491
|
| 020 |
|
|
|a 9788172158491
|
| 040 |
|
|
|a BD-DhAAL
|c BD-DhAAL
|
| 041 |
|
|
|a ben
|
| 082 |
|
|
|a 954
|
| 245 |
|
|
|a নিম্নবর্গের ইতিহাস /
|c গৌতম ভদ্র, পার্থ চট্টোপাধ্যায় সম্পাদিত
|
| 260 |
|
|
|a কলকাতা :
|b আনন্দ পাবলিশার্স,
|c ১৯৯৮ [চতুর্থ মুদ্রণ ২০০৪].
|
| 300 |
|
|
|a ২৮৬ পৃষ্ঠা ;
|c ২২ সে.মি.
|
| 504 |
|
|
|a গ্রন্থপঞ্জিগত নির্দেশিকা অন্তর্ভুক্ত।
|
| 541 |
|
|
|a Donated By Akbar Ali Khan
|e 38460
|
| 650 |
|
|
|a Working class
|z India
|x History.
|9 48286
|
| 650 |
|
|
|a Working class
|x Employment.
|9 48287
|
| 651 |
|
|
|a India
|x Social conditions.
|9 48288
|
| 651 |
|
|
|a India
|x History.
|9 48289
|
| 700 |
|
|
|a ভদ্র, গৌতম
|9 48290
|
| 700 |
|
|
|a চট্টোপাধ্যায়, পার্থ
|9 48291
|
| 852 |
|
|
|a Ayesha Abed Library
|c Akbar Ali Khan Collection
|
| 942 |
|
|
|2 ddc
|c BK
|
| 952 |
|
|
|0 0
|1 0
|2 ddc
|4 0
|6 954_000000000000000_NIM
|7 1
|9 70570
|a BRACUL
|b BRACUL
|c AAKC
|d 2022-04-26
|e Donated by Akbar Ali Khan
|l 0
|o 954 NIM
|p 3010038460
|r 2022-04-26
|t 1
|w 2022-04-26
|y BK
|